000 00528nam a2200157 a 4500
001 000032169
005 20200930063505.0
008 110713s1975 dr abc 000 0 spa d
040 _aDO-SdBNP
_bspa
_cBNPHU
041 1 _aspa
_beng
082 _axxxx
_bE56b
245 0 0 _aSanto Domingo : cuna de la civilización americana = Santo Domingo : cradle of the American Civilization.
260 _aSanto Domingo :
_bBanco Central de la República Dominicana,
_c1975.
300 _a108 p. :
_bil., mapa, retrs. ;
_c21 cm.
049 _aBNPD
999 _c31660
_d31660